000 00785cab a2200229 4500
001 ABS57056
008 090401t1997 xxu||||| |||| 00| 0 eng d
035 _a(Sirsi) u98416
041 _aeng
100 _aHealey, P.
245 2 _aA strategic approach to sustainable urban regeneration
260 _c1997
350 _a0
490 _aJournal of Property Development
_v1(3) April 1997, 105-110(6)
520 _aEmphasises a strategic approach to sustainable regeneration through creating conditions for economic, social and environmental regeneration, rather than through transformation projects in isolation.
650 _aSTRATEGY
650 _aSUSTAINABLE DEVELOPMENT
650 _aURBAN REGENERATION
690 _aURBAN RENEWAL
942 _n0
948 _c30/05/1997
999 _c59810
_d59810